000
00193 a2200097 4500
001
23603
100
_a
Toynbee, A
245
_a
Experiences
260
_a
_b
Oxford
_c
1969
090
_c
15988
_d
15988
942
_a
NUST-CAE
_c
M
_c
6655
999
_c
258676
_d
258676